| 000 | 00000nam##2200000za#4500 |
| 001 | 9.546177 |
| 003 | CaOODSP |
| 005 | 20210615091435 |
| 007 | ta |
| 008 | 150406|2008||||xxc||||| f|0| 0 fre|d |
| 020 | |a978-0-662-05867-0 |
| 040 | |aCaOODSP|bfre |
| 041 | |aeng |
| 041 | |afre |
| 043 | |an-cn--- |
| 086 | 1 |aHS23-1/1-2008 |
| 110 | 1 |aCanada.|bRessources humaines et Développement social Canada. |bProgramme du travail. |
| 245 | 10|aSommaire |
| 260 | |aGatineau - Québec : |bRessources humaines et Développement social Canada. |cc2008. |
| 300 | |aTexte français, 6p. ; |c28 cm. |
| 490 | 1 |aRenseignements sur la santé et la sécurité au travail |v1 |
| 563 | |aCouverture souple |
| 590 | |a08-38|b2008-09-19 |
| 691 | 07|aSanté au travail|2gcpds |
| 776 | 0#|tSummary |w(CaOODSP)9.564289 |
| 776 | 0#|tSommaire |w(CaOODSP)9.596065 |
| 791 | |tSummary |eeng|w(CaOODSP)9.546176 |
| 830 | #0|aRenseignements sur la santé et la sécurité au travail ;|v1|w(CaOODSP)9.511053 |
| 986 | |aLT-093-07-08 |